000 00270nam a2200097Ia 4500
001 1250973
005 20251031150906.0
008 251031s9999 xx 000 0 und d
245 0 _cMAZLUM AKIN
_aİ-5 İZMİR ÇILGIN GEZGİN 'İN EL KİTABI
260 _bTİMAŞ YAYINLARI
999 _c1250973
_d1250973